000 02186nam0a2200445 4500
001 RU\NLR\bibl\833004
005 20250614142315.0
010 _a5-8029-0767-3
_bв пер.
_94000
021 _aRU
_b2005-20309
_91034
035 _aRSL-KNO-002594825
035 _a(NLR Aleph) 000821863
090 _a1306261
_c1306261
100 _a20050422d2004 |||y0rusy50 ca
101 0 _arus
102 _aRU
105 _aa |||||||||
106 _ar
200 1 _aСреднеазиатская и закавказская кухни
_f[сост. С. Б. Кузьменко и Е. В. Кузьменко]
205 _a[2-е изд.]
210 _aЧелябинск
_cАркаим
_d2004
_gИПК Звезда
215 _a398, [1] с., [8] л. цв. ил.
_cил.
_d21
225 1 _aСерия "Вкусный мир"
606 1 _aКулинарное производство
_xКавказская кухня
_91249730
_3RU\NLR\auth\66511442
606 1 _aКавказская кухня
_92100455
_3RU\NLR\auth\661270385
606 1 _aКулинарное производство
_xСреднеазиатская кухня
_92290711
_3RU\NLR\auth\661371916
606 1 _aСреднеазиатская кухня
_92290707
_3RU\NLR\auth\661371914
610 0 _aПищевые производства -- Общественное питание. Кулинария -- Домашняя кулинария. Поваренные книги -- Кухня народов Закавказья
610 0 _aПищевые производства -- Общественное питание. Кулинария -- Домашняя кулинария. Поваренные книги -- Кухня народов Средней Азии и Казахстана
610 0 _aкавказская кухня
686 _aЛ997(247),0
_2rubbk
686 _aЛ997(257),0
_2rubbk
686 _aЛ997(2)
702 1 _aКузьменко
_bС. Б.
_gСергей Борисович
_4220
801 0 _aRU
_bRuMoRKP
_c20050422
_grcr
801 1 _aRU
_bRuMoRGB
_c20050422
801 2 _aRU
_bNLR
_c20050822
_grcr
830 _aсост. по кн.
942 _cBOOK
980 _aNB